000 00993nas a2200301 4500
001 BR8401490
003 BR-BrBNA
005 20231205085835.0
007 ta
008 230509b bl.|||p| |||| 00| 00por d
040 _aBR-BrBNA
_bpor
_cBiblioteca Nacional de Agricultura
041 _a(Pt)
072 _aL00
100 1 _aCampos, E.J.
100 1 _aMatos, F.J.R.
100 1 _aLopes, Z.M. de A.
100 1 _aSilva, G.J.C.
100 1 _aBaiao, N.C.
245 1 _aO emprego de antibioticos ionofonicos como promotores de crescimento [frango de corte]
246 1 _aThe use of ionophoric antibiotic drugs as growth promotors [broiler chicken]
650 _aFRANGO DE CORTE
650 _aCRESCIMENTO
650 _aANTIBIOTICO
650 _aREGULADOR DE CRESCIMENTO
773 0 _tArquivo Brasileiro de Medicina Veterinaria e Zootecnia (Brazil)
_xISSN 0365-8384
_g(Apr 1983), v. 35(2) p. 205-218
_wBR8401490
909 _a202311
_bLúcia
_c55
_dLúcia Elande
942 _2AGRIS
_n0
_cANA
999 _c114203
_d114203